00600nam a2200181 a 45000010005000000030009000050080041000140200015000550400028000700820015000981000025001132450082001382600035002203000024002554900047002796500058003266500034003849051CO-ViMGA141112s2004 ck r 000 u spa d a9502300645 aCO-ViMGAbspacCO-ViMGA04a980.2 M65d1 aMOLINARI, DIEGO LUIS10aDescubrimiento y conquista de América : bDe Erik el rojo a Hernán Cortes aBUENOS AIRES, cEUDEBA, c1964 a184 p, mapas, 23 cm aBiblioteca de América, manuales historia14aAmérica - DESCUBRIMIENTO, CONQUISTA Y EXPLORACIONES14aCOLON, CRISTOBAL, 1451 - 1506